Pays hôtes des Jeux olympiques d'été - Carte quiz - Statistiques

Statistiques générales
  • Ce quiz a été pris 82 fois
    68 depuis la dernière actualisation
  • Le résultat moyen est 19 sur 19
Réponses sur la Carte
Les réponses sont colorées sur une échelle allant du rouge au vert en fonction du pourcentage des utilisateurs qui les ont devinées à leur premier essai. Vous pouvez retrouver ces pourcentages ci-dessous.
 
Statistiques - réponses
ans Country % Correct
1936 1972 Allemagne
100%
1956 2000 Australie
100%
1920 Belgique
100%
2008 Chine
100%
1992 Espagne
100%
1904 1932 1984 1996 États-Unis
100%
1900 1924 2024 France
100%
1896 2004 Grèce
100%
1964 2020 Japon
100%
1968 Mexique
100%
1908 1948 2012 Royaume-Uni
100%
1980 Russie
100%
2014 Brésil
98%
1976 Canada
98%
1960 Italie
98%
1928 Pays-Bas
98%
1912 Suède
98%
1988 Corée du Sud
97%
1952 Finlande
97%
Aucun quiz correspondant
Distribution des résultats
% des personnes avec chaque résultat
Percentile par nombre de réponses
Votre historique - résultats
Vous n’avez pas pris ce quiz depuis la dernière actualisation